| LEADER | 00000nam a2200000 i 4500 | ||
|---|---|---|---|
| 001 | 115594 | ||
| 003 | CZ ZlUTB | ||
| 005 | 20260505140043.0 | ||
| 007 | ta | ||
| 008 | 251105s2025 xr f l 001 0 cze | ||
| 015 | |a cnb003718909 | ||
| 020 | |a 978-80-7502-812-9 |q (vázáno) | ||
| 040 | |a ABA001 |b cze |d OLA001 |e rda | ||
| 043 | |a e-xr--- | ||
| 072 | 7 | |a 347.7 |x Obchodní právo. Finanční právo. Právo průmyslového vlastnictví. Patentové právo. Autorské právo |2 Konspekt |9 16 | |
| 080 | |a 347.736 |2 MRF | ||
| 080 | |a 347.951 |2 MRF | ||
| 080 | |a (437.3) |2 MRF | ||
| 080 | |a (094.5) |2 MRF | ||
| 080 | |a (0.072) |2 MRF | ||
| 100 | 1 | |a Maršíková, Jolana, |d 1964- |7 osa2009541969 |4 cwt | |
| 245 | 1 | 0 | |a Insolvenční zákon : |b s poznámkami a judikaturou / |c Jolana Maršíková a kolektiv |
| 250 | |a 4. aktualizované vydání | ||
| 264 | 1 | |a Praha : |b Leges, |c 2025 | |
| 300 | |a 1128 stran ; |c 21 cm | ||
| 336 | |a text |b txt |2 rdacontent | ||
| 337 | |a bez média |b n |2 rdamedia | ||
| 338 | |a svazek |b nc |2 rdacarrier | ||
| 490 | 1 | |a Glosátor | |
| 504 | |a Obsahuje bibliografické odkazy a rejstřík | ||
| 505 | 2 | 0 | |t Zákon o úpadku a způsobech jeho řešení (insolvenční zákon) č. 182/2006 Sb. |
| 650 | 0 | 7 | |a úpadek podniku |7 ph355595 |z Česko |2 czenas |
| 650 | 0 | 7 | |a platební neschopnost |7 ph198720 |z Česko |2 czenas |
| 650 | 0 | 7 | |a insolvenční řízení |7 ph370262 |z Česko |2 czenas |
| 650 | 0 | 7 | |a soudní rozhodnutí a stanoviska |7 ph125859 |z Česko |2 czenas |
| 650 | 0 | 9 | |a business failures |z Czechia |2 eczenas |
| 650 | 0 | 9 | |a insolvency |z Czechia |2 eczenas |
| 650 | 0 | 9 | |a insolvency proceedings |z Czechia |2 eczenas |
| 650 | 0 | 9 | |a judgments |z Czechia |2 eczenas |
| 655 | 7 | |a zákony |7 fd133886 |2 czenas | |
| 655 | 7 | |a komentáře |7 fd132578 |2 czenas | |
| 655 | 9 | |a laws |2 eczenas | |
| 655 | 9 | |a commentaries |2 eczenas | |
| 710 | 1 | 2 | |a Česko. |t Insolvenční zákon (2006, novela 2025) |7 kon20251278604 |
| 710 | 2 | |a Nakladatelství Leges |7 xx0226857 |4 pbl | |
| 830 | 0 | |a Glosátor | |
| 910 | |a ZLD002 | ||
| 942 | |2 udc | ||
| 952 | |0 0 |1 0 |4 0 |6 34MARŠÍKOVÁJ |7 -1 |8 BOOK |9 191013 |a UTBZL |b UTBZL |c 005 |d 2026-05-05 |l 0 |o 34/MARŠÍKOVÁ,J. |p 420010201924 |r 2026-05-05 14:01:26 |v 2480.00 |w 2026-05-05 |x N:nákup |y 01 | ||
| 992 | |a BK |b SKNEW | ||
| 999 | |c 115594 |d 115594 | ||